| 000 | 00889nam a2200193Ii 4500 | ||
|---|---|---|---|
| 003 | JO-AjNU | ||
| 008 | 230605s9999||||xx |||||||||||||| ||und|| | ||
| 040 |
_aJO-AjNU _bara _erda _cJO-AjNU |
||
| 041 | _aara | ||
| 050 | 1 | 4 | _aZ699 2015 |
| 100 | 3 |
_aاعداد ايمان محمود العسولي، اسماء محمود العلاونة، اشراف محمد بني يونس, _eauthor _958297 |
|
| 245 | 0 | 0 | _aاسترجاع المعلومات ( تجهيز النص) |
| 264 | 3 | 1 | _aعجلون: جامعة عجلون الوطنيه، 2015 |
| 300 |
_a34ص _bمشروع تخرج جامعة عجلون الوطنيه ( عجلون ، الاردن) كلية تكنولوجيا المعلومات ، 2015 |
||
| 336 |
_atext _btxt _2rdacontent |
||
| 337 |
_aunmediated _bn _2rdamedia |
||
| 338 |
_avolume _bnc _2rdacarrier |
||
| 650 | 4 |
_aاسترجاع المعلومات - نظام حوسبة _958298 |
|
| 999 |
_aA26172 _c29740 _d29740 |
||